01131nam a22001577a 4500008004100000020001800041082001500059100003900074245005600113260007700169300002300246505060400269650005800873700002100931700002100952160120b xxu||||| |||| 00| 0 eng d a9789930949863 a708bA524a aAmorales, Carlos; Benchoam, Stefan aAnti TropicaliacCarlos Amorales; Stefan Benchoam  aSan José, Costa Rica bMuseo de Arte y Diseño Contemporáneo c2015 a108 pbill.c24 cm tIntroduccion: Antitropicaliat¿Tropicalia o Anti tropicalia? Conversaciones con Stefan Benchoam y Carlos Amorales tHabana Suite / Set de dibujos tComposición para un pequeño güiro de grafitorLuis Alberto Mariño Fernández tNotaciones para el uso de tipografías/ Set de dibujos tFax Mantra/ Set de dibujos tFantasía de Joaquin Orellanar Texto por Carlos Amorales tAntitropicalia Vistas de instalación (MADC)tFantasía de Orellana tAprendiz del Brujo tErased Symphony tPsicofoníastCarlos Amorales tJoaquin Orellana tLuis Alberto Mariño Fernandez tColofón  aArte Contemporáneo vExhibiciones - MADCyArtistas  aStefam Benchoam  aCarlos Amorales